| 000 | 00397 a2200157 4500 | ||
|---|---|---|---|
| 020 | _a8178085801 | ||
| 024 | _a9788178085807 | ||
| 082 | _a658.15 | ||
| 090 |
_c2635 _d2635 |
||
| 100 | _aJames C. Van Horne | ||
| 245 |
_aFinancial Management & Policy _cJames C. Van Horne |
||
| 250 | _a12th Ed. | ||
| 260 |
_aSingapore _bPearson Education _c2002 |
||
| 300 | _a814 | ||
| 942 |
_aNBS _cBK _k658.15 VAN |
||
| 999 |
_c345128 _d345128 |
||